Načítá se...

Educational development and planning in India /

Podrobná bibliografie
Hlavní autor: Barajunayak, Rabindranath
Médium: Printed Book
Jazyk:English
Vydáno: New Delhi: Avon, 2016.
Témata:
LEADER 00692 a2200205 4500
008 171226b xxu||||| |||| 00| 0 eng d
999 |c 115943  |d 115943 
020 |a 9789381839744 
082 |a 379.54 
100 |a Barajunayak, Rabindranath 
245 |a Educational development and planning in India /  |c  Rabindranath Barajunaya 
260 |b Avon,  |c 2016.  |a New Delhi: 
300 |a 430p.  |c 24cm. 
500 |a Includes index. 
650 |a India 
650 |a Education 
650 |a Education and state 
650 |a Educational planning 
942 |2 ddc  |c BK 
952 |0 0  |1 0  |4 0  |6 379_540000000000000_BAR_E  |7 0  |9 123643  |a UL  |b UL  |c ST1  |d 2017-05-18  |e 176  |g 2520.00  |l 0  |o 379.54 BAR/E  |p 97481  |r 2017-05-18  |v 3500.00  |y BK